| 000 | 00688nam a22002057a 4500 | ||
|---|---|---|---|
| 999 |
_c11439 _d11439 |
||
| 003 | AR-CdUCM | ||
| 008 | 190404b ||||| |||| 00| 0 spa d | ||
| 040 |
_aMUNICIPALIDAD PROVINCIAL DEL CUSCO _cBIBLIOTECA MUNICIPAL DEL CUSCO |
||
| 082 |
_22ed. _aEP / 372.460 / _bC523 |
||
| 100 |
_aChaparro, Carmelo _928798 |
||
| 245 |
_aLengua 4 : _bLibro-cuaderno / |
||
| 260 |
_aLima : _bEscuela Nueva S. A. |
||
| 300 |
_a172 páginas ; _bIlustraciones, fotografías _c24cm |
||
| 500 | _aEducación primaria 4to | ||
| 505 | _aContenido: Lectura -- Redacción -- Vocabulario -- Gramática... | ||
| 650 |
_aLengua _92065 |
||
| 650 |
_aGramática _99175 |
||
| 942 |
_2ddc _cLIBROS |
||
| 945 | _anom | ||